Las garantías autoliquidables (Registro nro. 4809)

Detalles MARC
000 -LEADER
fixed length control field 02007 a2200229 4500
001 - CONTROL NUMBER
control field 49338
005 - DATE AND TIME OF LATEST TRANSACTION
control field 20260407155756.0
008 - FIXED-LENGTH DATA ELEMENTS--GENERAL INFORMATION
fixed length control field 260407a2010 arg spa d
003 - CONTROL NUMBER IDENTIFIER
control field AR-UNSa-BCEJYS
040 ## - CATALOGING SOURCE
Original cataloging agency AR-UNSa-BCEJYS
Language of cataloging spa
Transcribing agency AR-UNSa-BCEJYS
080 ## - UNIVERSAL DECIMAL CLASSIFICATION NUMBER
Universal Decimal Classification number 347.737
Common auxiliary subdivision Garantías autoliquidables
020 ## - INTERNATIONAL STANDARD BOOK NUMBER
International Standard Book Number 978-987-30-0103-1
041 ## - LANGUAGE CODE
Language code of text/sound track or separate title spa
100 1# - MAIN ENTRY--PERSONAL NAME
Personal name Boretto, Mauricio
245 10 - TITLE STATEMENT
Title Las garantías autoliquidables
264 #1 - PRODUCTION, PUBLICATION, DISTRIBUTION, MANUFACTURE, AND COPYRIGHT NOTICE
Place of production, publication, distribution, manufacture Santa Fe :
Name of producer, publisher, distributor, manufacturer Rubinzal-Culzoni Editores
Date of production, publication, distribution, manufacture, or copyright notice 2010
300 ## - PHYSICAL DESCRIPTION
Extent 594 p.
Dimensions 22 cm.
505 ## - FORMATTED CONTENTS NOTE
Formatted contents note 1. Preliminares: Precisión terminológica - 2. Antecedentes históricos: Razones que impulsaron al legislador y a los operadores económicos a aceptar e incorporar las garantías autoliquidables al ordenamiento jurídico y tráfico negocial - 3. El proceso jurisdiccional como estructura que sirve de base para la ejecución patrimonial del deudor - 4. Aspectos que caracterizan a las garantías autoliquidables como especie alternativa de ejecución patrimonial. Potestades autoliquidativas que tiene el acreedor sobre el patrimonio del garante. Eficacia jurígena del principio de la autonomía voluntad en la creación y regulación de estas garantías - 5. Responsabilidad civil por los perjuicios producidos por el uso abusivo de las garantías autoejecutables. Mecanismos o instrumentos existentes en las diversas especies de estas garantías para prevenir la producción de daños antijurídicos al deudor con motivo de su utilización - 6. Proceso concursal y garantías autoliquidables - 7. Análisis de la doctrina, jurisprudencia y legislación extranjeras, con el fin de conocer el estado actual de las garantías autoejecutables en otros países - 8. Las garantías autoliquidables como medios de ejecución patrimonial. Estudio comparativo con las garantías ejecutables judicialmente.
590 ## - LOCAL NOTE (RLIN)
Local note niveau_biblio:m niveau_hierar:0
856 41 - ELECTRONIC LOCATION AND ACCESS
Uniform Resource Identifier <a href="https://www.biblioeco.unsa.edu.ar/pmb/images/libros/L128015.jpg">https://www.biblioeco.unsa.edu.ar/pmb/images/libros/L128015.jpg</a>
Link text Imagen de portada
Electronic format type image/jpeg
942 ## - ADDED ENTRY ELEMENTS (KOHA)
Koha item type
Existencias
Withdrawn status Lost status Damaged status Not for loan Home library Current library Shelving location Date acquired Total checkouts Full call number Barcode Date last seen Price effective from Koha item type
        Biblioteca Prof. Eusebio Cleto del Rey Biblioteca Prof. Eusebio Cleto del Rey   07/04/2026   347.737 B731 L128015 07/04/2026 07/04/2026 Libro